[Event "WYCC U18 Girls 2019"]
[Site "Mumbai"]
[Date "2019.10.04"]
[Round "4.9"]
[White "Swiech, Joanna"]
[Black "Sliwicka, Alicja"]
[Result "*"]
[WhiteElo "2054"]
[BlackElo "2307"]
[Annotator "TA"]
[PlyCount "73"]
[EventDate "2019.10.02"]
[EventType "swiss"]
[EventCountry "IND"]
[SourceTitle "playchess.com"]
[Source "ChessBase"]
[SourceQuality "1"]

{[%evp 14,73,31,34,43,35,37,41,54,16,35,12,37,22,25,23,32,-9,0,-39,-16,-18,7,0,0,7,25,-134,-127,-136,-146,-135,-148,-138,-133,-139,-104,-118,-114,-114,-114,-114,-116,-147,-107,-135,-127,-182,-152,-189,-158,-182,-158,-164,-158,-179,-146,-189,-124,-158,294,294]} 1. d4 Nf6 2. c4 d6 3. Nc3 Nbd7 4. e4 e5 5. d5 Nc5 6. f3 a5 7. Be3 Be7 8. Nge2 h6 $146 {A53: Old Indian Defence without Nf3} (8... c6 9. Nc1 O-O 10. Nd3 cxd5 11. cxd5 b6 12. Qd2 Nh5 13. O-O-O h6 14. g4 Nxd3+ 15. Bxd3 Nf4 16. Kb1 Nxd3 17. Qxd3 {1-0 (38) Battaglini,G (2473)-Smirin,I (2644) Jerusalem 2017}) 9. Ng3 O-O 10. Be2 Nh7 {White is slightly better.} 11. O-O Bg5 12. Bf2 Bd7 13. b3 g6 14. Bd3 h5 15. Re1 h4 16. Nf1 Nf6 17. Bc2 Nh5 18. Rb1 Bf4 19. a3 Qg5 20. Be3 $2 {[#]} (20. Re2 $1 $11) 20... Bh3 $1 $36 {[%csl Gh3][%cal Rg5g2][%mdl 2048] Black is in control.} 21. Qd2 {[#]} Bxe3+ $1 22. Nxe3 Nf4 {White must now prevent ...Bxg2!} 23. Kh1 {[#]} Nxg2 $1 {[%mdl 576] Pin} 24. Re2 {[%cal Re3g2]} (24. Nxg2 Qxd2) 24... Nxe3 25. Qxe3 Qxe3 26. Rxe3 Bd7 27. Rg1 Kg7 28. Re2 Rh8 29. Reg2 Kf6 30. Nd1 (30. Rb1 $17) 30... Rab8 31. a4 Na6 32. Ne3 Nb4 33. Rd2 Ke7 34. Bb1 Rbf8 35. Rdg2 Be8 (35... b6 $19 36. Rf2 Rhg8) 36. Rd1 Nc2 $2 (36... Na6 $17 {stays on course.} 37. Kg1 Nc5) 37. Bxc2 {Accuracy: White = 31%, Black = 49%.} *

[Event "WYCC U18 Girls 2019"]
[Site "Mumbai"]
[Date "2019.10.04"]
[Round "4.10"]
[White "Nguyen, Hong Anh"]
[Black "Muetsch, Annmarie"]
[Result "0-1"]
[WhiteElo "2023"]
[BlackElo "2266"]
[Annotator "NA"]
[PlyCount "70"]
[EventDate "2019.10.02"]
[EventType "swiss"]
[EventCountry "IND"]
[SourceTitle "playchess.com"]
[Source "ChessBase"]
[SourceQuality "1"]
[TimeControl "40/5400+30:1800+30"]

1. d4 {[%emt 0:00:00]} Nf6 {[%emt 0:00:00]} 2. c4 {[%emt 0:00:00]} g6 {[%emt 0:00:00]} 3. Nc3 {[%emt 0:00:06]} Bg7 {[%emt 0:00:00]} 4. e4 {[%emt 0:00:24]} d6 {[%emt 0:00:01]} 5. Nf3 {[%emt 0:00:20]} O-O {[%emt 0:00:12]} 6. Be2 {[%emt 0:00:19]} Na6 {[%emt 0:00:38]} 7. O-O {[%emt 0:00:23]} e5 {[%emt 0:00:14]} 8. d5 {[%emt 0:00:46]} Nc5 {[%emt 0:00:36]} 9. Qc2 {[%emt 0:04:01]} a5 {[%emt 0:00:08]} 10. b3 Nh5 {[%emt 0:06:14]} 11. Be3 {[%emt 0:19:58]} b6 {[%emt 0:04:05]} 12. a3 {[%emt 0:03:00]} f5 {[%emt 0:06:10]} 13. exf5 {[%emt 0:10:25]} Bxf5 {[%emt 0:02:00]} 14. Qd1 {[%emt 0:02:07]} Nf4 {[%emt 0:06:59]} 15. b4 {[%emt 0:06:58]} Ne4 {[%emt 0:17:28]} 16. Nxe4 {[%emt 0:09:07]} Bxe4 {[%emt 0:00:06]} 17. Bxf4 {[%emt 0:00:24]} exf4 {[%emt 0:01:05]} 18. Ra2 {[%emt 0:07:11]} axb4 {[%emt 0:02:49]} 19. Qb3 {[%emt 0:01:17]} bxa3 {[%emt 0:00:57]} 20. Rxa3 {[%emt 0:00:22]} Qf6 {[%emt 0:04:38]} 21. Rxa8 {[%emt 0:05:39]} Rxa8 {[%emt 0:00:08]} 22. c5 bxc5 {[%emt 0:05:23]} 23. Qb7 {[%emt 0:01:45]} Qd8 {[%emt 0:01:15]} 24. Ng5 {[%emt 0:01:32]} Rb8 {[%emt 0:00:33]} 25. Qa7 {[%emt 0:04:19]} Bxd5 {[%emt 0:06:53]} 26. Bf3 {[%emt 0:01:39]} Bxf3 {[%emt 0:00:49]} 27. Nxf3 {[%emt 0:00:11]} h6 {[%emt 0:02:20]} 28. h4 {[%emt 0:01:27]} Rc8 {[%emt 0:08:30]} 29. Re1 {[%emt 0:01:03]} Qd7 {[%emt 0:01:04]} 30. Qa2+ {[%emt 0:02:27]} d5 {[%emt 0:06:08]} 31. Qc2 {[%emt 0:00:52]} Qd6 {[%emt 0:00:53]} 32. h5 {[%emt 0:02:53]} g5 {[%emt 0:03:46]} 33. Qf5 {[%emt 0:01:54]} Rf8 {[%emt 0:00:05]} 34. Qh3 {[%emt 0:00:19]} d4 {[%emt 0:03:04]} 35. Re6 {[%emt 0:00:22]} Qd5 {[%emt 0:00:05]} 0-1

[Event "WYCC U18 Girls 2019"]
[Site "Mumbai"]
[Date "2019.10.04"]
[Round "4.11"]
[White "Yan, Tianqi"]
[Black "Khachatryan, Anna"]
[Result "1-0"]
[WhiteElo "2236"]
[BlackElo "2044"]
[Annotator "NA"]
[PlyCount "69"]
[EventDate "2019.10.02"]
[EventType "swiss"]
[EventCountry "IND"]
[SourceTitle "playchess.com"]
[Source "ChessBase"]
[SourceQuality "1"]
[TimeControl "40/5400+30:1800+30"]

1. e4 {[%emt 0:00:00]} c5 {[%emt 0:00:00]} 2. Nf3 {[%emt 0:00:00]} Nc6 {[%emt 0:00:00]} 3. d4 {[%emt 0:00:00]} cxd4 {[%emt 0:00:00]} 4. Nxd4 {[%emt 0:00:00]} e5 {[%emt 0:00:00]} 5. Nb5 {[%emt 0:00:02]} d6 {[%emt 0:00:00]} 6. c4 {[%emt 0:00:24]} Be7 {[%emt 0:00:03]} 7. Bd3 {[%emt 0:06:46]} Be6 {[%emt 0:11:26]} 8. N5c3 {[%emt 0:02:49]} Nf6 {[%emt 0:02:00]} 9. Nd5 {[%emt 0:00:30]} O-O {[%emt 0:00:30]} 10. Nbc3 {[%emt 0:00:30]} Nd4 {[%emt 0:00:30]} 11. Be3 {[%emt 0:00:30]} Nxd5 {[%emt 0:00:30]} 12. exd5 {[%emt 0:00:30]} Bd7 {[%emt 0:00:30]} 13. Bxd4 {[%emt 0:00:30]} exd4 {[%emt 0:00:30]} 14. Ne2 {[%emt 0:00:30]} Bf6 {[%emt 0:00:30]} 15. O-O {[%emt 0:22:03]} Bg4 {[%emt 0:26:02]} 16. f3 {[%emt 0:02:21]} Bd7 {[%emt 0:00:16]} 17. Kh1 {[%emt 0:00:40]} Re8 {[%emt 0:01:03]} 18. Ng3 {[%emt 0:06:45]} Re3 {[%emt 0:23:34]} 19. Ne4 {[%emt 0:05:48]} Qe7 {[%emt 0:14:57]} 20. Qd2 {[%emt 0:01:34]} Re8 {[%emt 0:04:13]} 21. Rae1 {[%emt 0:06:15]} Bh4 {[%emt 0:02:36]} 22. g3 {[%emt 0:05:57]} f5 {[%emt 0:01:21]} 23. gxh4 {[%emt 0:00:29]} fxe4 {[%emt 0:00:03]} 24. Bxe4 {[%emt 0:01:48]} Rxe1 {[%emt 0:03:58]} 25. Rxe1 {[%emt 0:00:14]} Qxh4 {[%emt 0:00:18]} 26. Rg1 {[%emt 0:03:05]} Re5 {[%emt 0:04:33]} 27. Qxd4 {[%emt 0:02:25]} Bf5 {[%emt 0:00:03]} 28. c5 {[%emt 0:00:13]} Bxe4 {[%emt 0:01:19]} 29. fxe4 {[%emt 0:00:06]} Qxe4+ {[%emt 0:00:09]} 30. Qxe4 {[%emt 0:00:03]} Rxe4 {[%emt 0:00:04]} 31. cxd6 {[%emt 0:00:25]} Rd4 {[%emt 0:00:09]} 32. Rg5 {[%emt 0:00:29]} Kf8 {[%emt 0:02:28]} 33. Re5 {[%emt 0:00:24]} Kf7 {[%emt 0:01:31]} 34. d7 {[%emt 0:00:06]} Kf6 {[%emt 0:00:02]} 35. Re6+ {[%emt 0:00:13]} 1-0

[Event "WYCC U18 Girls 2019"]
[Site "Mumbai"]
[Date "2019.10.04"]
[Round "4.12"]
[White "Sowa, Wiktoria"]
[Black "Priyanka, Kumari"]
[Result "1-0"]
[WhiteElo "2016"]
[BlackElo "1921"]
[Annotator "NA"]
[PlyCount "83"]
[EventDate "2019.10.02"]
[EventType "swiss"]
[EventCountry "IND"]
[SourceTitle "playchess.com"]
[Source "ChessBase"]
[SourceQuality "1"]
[TimeControl "40/5400+30:1800+30"]

1. e4 c5 2. Nf3 d6 3. Bb5+ Nd7 4. O-O a6 5. Bd3 Ngf6 6. Re1 b5 7. c3 Bb7 8. a4 e6 9. Bc2 Be7 10. d4 e5 11. Nbd2 O-O 12. Nf1 Re8 13. Ng3 Bf8 14. b3 g6 15. d5 Bg7 16. h3 h6 17. Be3 Nh7 18. Qd2 h5 19. Ng5 Bf6 20. Nxh7 Kxh7 21. Rf1 Qe7 22. Bd3 bxa4 23. Rxa4 Qd8 24. Rfa1 Qb6 25. b4 Reb8 26. Qe2 Qc7 27. Ra5 h4 28. Nf1 Bd8 29. Qg4 Bc8 30. Bg5 Bxg5 31. Qxg5 cxb4 32. Qxh4+ Kg7 33. cxb4 Rxb4 34. Ne3 Nc5 35. Bc2 Bd7 36. R5a3 Rh8 37. Qe7 Re8 38. Nf5+ Kg8 39. Nh6+ Kg7 40. Qxf7+ Kxh6 41. Rg3 g5 42. Qf6+ {Qd8} 1-0

[Event "WYCC U18 Girls 2019"]
[Site "Mumbai"]
[Date "2019.10.04"]
[Round "4.13"]
[White "Hng, Mei-En Emmanuelle"]
[Black "Urh, Zala"]
[Result "0-1"]
[WhiteElo "2002"]
[BlackElo "2105"]
[Annotator "NA"]
[PlyCount "120"]
[EventDate "2019.10.02"]
[EventType "swiss"]
[EventCountry "IND"]
[SourceTitle "playchess.com"]
[Source "ChessBase"]
[SourceQuality "1"]
[TimeControl "40/5400+30:1800+30"]

1. Nf3 {[%emt 0:00:00]} d5 {[%emt 0:00:00]} 2. c4 {[%emt 0:00:00]} e6 {[%emt 0:02:09]} 3. e3 {[%emt 0:00:38]} Nf6 {[%emt 0:00:32]} 4. Nc3 {[%emt 0:00:56]} Be7 {[%emt 0:02:22]} 5. d4 {[%emt 0:01:13]} O-O {[%emt 0:00:42]} 6. Be2 {[%emt 0:01:45]} b6 {[%emt 0:01:16]} 7. O-O {[%emt 0:01:28]} Bb7 {[%emt 0:00:50]} 8. b3 {[%emt 0:04:09]} c5 {[%emt 0:02:20]} 9. Bb2 {[%emt 0:03:14]} Nc6 {[%emt 0:00:30]} 10. cxd5 {[%emt 0:00:30]} exd5 {[%emt 0:00:30]} 11. Rc1 {[%emt 0:00:30]} Rc8 {[%emt 0:00:30]} 12. Qd3 {[%emt 0:00:30]} Re8 {[%emt 0:00:30]} 13. Rfd1 {[%emt 0:00:30]} Bf8 {[%emt 0:00:30]} 14. Bf1 {[%emt 0:00:30]} Ne7 {[%emt 0:00:30]} 15. Qb1 {[%emt 0:00:30]} Ng6 {[%emt 0:00:30]} 16. dxc5 {[%emt 0:00:30]} bxc5 {[%emt 0:29:17]} 17. Bb5 {[%emt 0:51:44]} Re7 {[%emt 0:13:13]} 18. Qf5 {[%emt 0:03:06]} a6 {[%emt 0:03:19]} 19. Bd3 {[%emt 0:04:04]} Rd7 {[%emt 0:03:24]} 20. Ne2 {[%emt 0:01:30]} Rd6 {[%emt 0:02:12]} 21. h4 {[%emt 0:02:37]} d4 {[%emt 0:06:26]} 22. exd4 {[%emt 0:02:00]} cxd4 {[%emt 0:01:21]} 23. h5 {[%emt 0:04:38]} Rd5 {[%emt 0:05:05]} 24. hxg6 {[%emt 0:04:50]} Rxf5 {[%emt 0:00:12]} 25. gxf7+ {[%emt 0:00:09]} Kxf7 {[%emt 0:01:08]} 26. Bxf5 {[%emt 0:00:05]} Rxc1 {[%emt 0:00:16]} 27. Ng5+ {[%emt 0:03:38]} Ke8 {[%emt 0:01:02]} 28. Bxc1 {[%emt 0:00:25]} Qd5 {[%emt 0:01:51]} 29. Bh3 {[%emt 0:01:20]} d3 {[%emt 0:07:39]} 30. Nc3 {[%emt 0:02:20]} Qc5 {[%emt 0:04:53]} 31. Re1+ {[%emt 0:00:58]} Be7 {[%emt 0:00:06]} 32. Bd2 {[%emt 0:00:06]} Nd5 {[%emt 0:03:23]} 33. Ne6 {[%emt 0:00:46]} Qxc3 {[%emt 0:05:10]} 34. Bxc3 {[%emt 0:00:19]} Nxc3 {[%emt 0:00:01]} 35. Bg4 {[%emt 0:03:09]} d2 {[%emt 0:00:08]} 36. Ra1 {[%emt 0:01:08]} Bf6 {[%emt 0:01:11]} 37. Kh2 {[%emt 0:01:42]} Be4 {[%emt 0:01:47]} 38. Nc5 {[%emt 0:00:53]} Bc2 {[%emt 0:00:38]} 39. Rh1 {[%emt 0:00:30]} d1=Q {[%emt 0:01:23]} 40. Bxd1 {[%emt 0:00:08]} Nxd1 {[%emt 0:00:23]} 41. Nxa6 {[%emt 0:01:19]} Nxf2 {[%emt 0:03:56]} 42. Re1+ {[%emt 0:02:45]} Kf7 {[%emt 0:01:44]} 43. Nb4 {[%emt 0:03:44]} Bf5 {[%emt 0:03:56]} 44. Nd5 {[%emt 0:06:35]} Nd3 {[%emt 0:04:44]} 45. Rf1 {[%emt 0:03:13]} Be5+ {[%emt 0:01:20]} 46. g3 {[%emt 0:03:15]} Ke6 {[%emt 0:00:45]} 47. Nf4+ {[%emt 0:00:41]} Nxf4 {[%emt 0:02:07]} 48. gxf4 {[%emt 0:00:01]} Bd6 {[%emt 0:01:20]} 49. Kg2 {[%emt 0:00:56]} Be4+ {[%emt 0:01:04]} 50. Kg3 {[%emt 0:04:15]} Kf5 {[%emt 0:00:28]} 51. a4 {[%emt 0:00:18]} g5 {[%emt 0:01:11]} 52. a5 {[%emt 0:00:05]} gxf4+ {[%emt 0:02:28]} 53. Kh3 {[%emt 0:00:30]} f3 {[%emt 0:02:02]} 54. a6 {[%emt 0:00:04]} Kf4 {[%emt 0:00:30]} 55. a7 {[%emt 0:00:36]} Bc5 {[%emt 0:00:33]} 56. Ra1 {[%emt 0:01:00]} f2 {[%emt 0:00:27]} 57. Kh2 {[%emt 0:00:57]} Bxa7 {[%emt 0:00:39]} 58. b4 {[%emt 0:00:21]} Bd4 {[%emt 0:00:38]} 59. Rc1 {[%emt 0:00:18]} Ke3 {[%emt 0:00:28]} 60. b5 {[%emt 0:05:05]} Kd2 {[%emt 0:00:41]} 0-1

[Event "WYCC U18 Girls 2019"]
[Site "Mumbai"]
[Date "2019.10.04"]
[Round "4.14"]
[White "Makhija, Aashna"]
[Black "Azali, Tannaz"]
[Result "1/2-1/2"]
[WhiteElo "2084"]
[BlackElo "2022"]
[Annotator "NA"]
[PlyCount "99"]
[EventDate "2019.10.02"]
[EventType "swiss"]
[EventCountry "IND"]
[SourceTitle "playchess.com"]
[Source "ChessBase"]
[SourceQuality "1"]
[TimeControl "40/5400+30:1800+30"]

1. e4 c5 2. Nf3 e6 3. d4 cxd4 4. Nxd4 Nc6 5. Nb5 d6 6. c4 Nf6 7. N1c3 a6 8. Na3 Be7 9. Be2 O-O 10. O-O b6 11. Be3 Bb7 12. f3 Re8 13. Na4 Nd7 14. Qd2 Qc7 15. Rac1 Nc5 16. Nc3 Rad8 17. Nc2 Ne5 18. b4 Ncd7 19. Nd4 Nf6 20. Rfd1 Qb8 21. Nb3 d5 22. Bxb6 dxe4 23. Bxd8 Rxd8 24. Qe3 Rxd1+ 25. Rxd1 exf3 26. gxf3 Ng6 27. Nc5 Bc8 28. N3e4 Qxb4 29. Nxf6+ gxf6 30. Nd3 Qa3 31. Qd2 e5 32. Rb1 Bf5 33. Rb3 Qd6 34. Qe3 Qc6 35. Qh6 Bd6 36. Nf2 e4 37. fxe4 Bxe4 38. Nxe4 Qxe4 39. Qe3 Qxe3+ 40. Rxe3 Bc5 41. Kf2 f5 42. Kf3 Nh4+ 43. Kg3 Bxe3 44. Kxh4 Kg7 45. c5 Bxc5 46. Kg5 f4 47. Kxf4 Bd6+ 48. Kf5 Bxh2 49. Bxa6 f6 50. Be2 1/2-1/2

[Event "WYCC U18 Girls 2019"]
[Site "Mumbai"]
[Date "2019.10.05"]
[Round "5.1"]
[White "Kucharska, Honorata"]
[Black "Radeva, Viktoria"]
[Result "1/2-1/2"]
[WhiteElo "2114"]
[BlackElo "2277"]
[Annotator "ChessBase"]
[PlyCount "67"]
[EventDate "2019.10.02"]
[EventType "swiss"]
[EventCountry "IND"]
[SourceTitle "playchess.com"]
[Source "ChessBase"]
[SourceQuality "1"]
[TimeControl "40/5400+30:1800+30"]

1. e4 {[%emt 0:00:00]} c5 {[%emt 0:00:00]} 2. Nf3 {[%emt 0:00:00]} e6 {[%emt 0:00:00]} 3. d4 {[%emt 0:00:00]} cxd4 {[%emt 0:00:00]} 4. Nxd4 {[%emt 0:00:02]} Nf6 {[%emt 0:00:00]} 5. Nc3 {[%emt 0:00:07]} d6 {[%emt 0:00:04]} 6. Be2 {[%emt 0:00:41]} Be7 {[%emt 0:00:18]} 7. O-O {[%emt 0:00:48]} Nc6 {[%emt 0:01:05]} 8. Be3 {[%emt 0:00:52]} O-O {[%emt 0:00:17]} 9. f4 {[%emt 0:00:04]} Qc7 {[%emt 0:04:38]} 10. Kh1 {[%emt 0:02:16]} a6 {[%emt 0:01:07]} 11. Qe1 {[%emt 0:01:39]} Bd7 {[%emt 0:11:00]} 12. Qg3 {[%emt 0:05:09]} b5 {[%emt 0:10:38]} 13. a3 {[%emt 0:05:55]} Nxd4 {[%emt 0:06:52]} 14. Bxd4 {[%emt 0:00:36]} Bc6 {[%emt 0:00:56]} 15. Rae1 {[%emt 0:04:33]} Rad8 {[%emt 0:07:32]} 16. Bd3 {[%emt 0:05:10]} g6 {[%emt 0:08:36]} 17. f5 {[%emt 0:15:01]} e5 {[%emt 0:08:44]} 18. Be3 {[%emt 0:00:06]} Qb7 {[%emt 0:12:50]} 19. Bh6 {[%emt 0:05:39]} Rfe8 {[%emt 0:00:35]} 20. Qf3 {[%emt 0:05:01]} d5 {[%emt 0:10:17]} 21. fxg6 {[%emt 0:09:18]} fxg6 {[%emt 0:02:28]} 22. a4 {[%emt 0:02:11]} d4 {[%emt 0:04:38]} 23. axb5 {[%emt 0:04:23]} axb5 {[%emt 0:00:21]} 24. Nd1 {[%emt 0:00:47]} Rd6 {[%emt 0:00:31]} 25. Nf2 {[%emt 0:01:01]} Bd7 {[%emt 0:02:11]} 26. Qg3 {[%emt 0:01:59]} Bd8 {[%emt 0:02:18]} 27. Be2 {[%emt 0:02:02]} Qc7 {[%emt 0:01:51]} 28. Bg4 {[%emt 0:01:39]} Bxg4 {[%emt 0:00:42]} 29. Nxg4 {[%emt 0:00:10]} Nxg4 {[%emt 0:00:12]} 30. Qxg4 {[%emt 0:00:23]} Rf6 {[%emt 0:01:24]} 31. h3 {[%emt 0:05:57]} Qf7 {[%emt 0:01:00]} 32. Rxf6 {[%emt 0:00:50]} Bxf6 {[%emt 0:01:25]} 33. Rf1 {[%emt 0:00:25]} Qe6 {[%emt 0:00:43]} 34. Qe2 {[%emt 0:05:28]} 1/2-1/2

[Event "WYCC U18 Girls 2019"]
[Site "Mumbai"]
[Date "2019.10.05"]
[Round "5.2"]
[White "Shuvalova, Polina"]
[Black "Yan, Tianqi"]
[Result "1-0"]
[WhiteElo "2412"]
[BlackElo "2236"]
[Annotator "TA"]
[PlyCount "111"]
[EventDate "2019.10.02"]
[EventType "swiss"]
[EventCountry "IND"]
[SourceTitle "playchess.com"]
[Source "ChessBase"]
[SourceQuality "1"]

{[%evp 9,111,0,0,7,0,9,14,0,31,10,128,129,135,141,139,135,150,150,151,146,151,71,140,62,110,80,150,82,164,173,274,233,240,229,239,241,265,244,263,227,216,209,227,151,148,105,96,119,143,92,128,87,163,155,164,156,228,87,62,0,0,-222,-224,-215,177,191,312,0,66,0,0,0,74,0,301,180,293,301,266,547,597,579,658,649,651,630,608,576,528,511,958,943,831,828,716,633,698,633,1087,827,29982,29982,29981,29982]} 1. e4 c5 2. Nf3 e6 3. g3 Nc6 4. Bg2 Nf6 5. Qe2 d5 (5... d6 6. O-O Be7 7. c3 O-O 8. Rd1 b6 9. d4 cxd4 10. cxd4 d5 11. e5 Nd7 12. Nc3 a5 13. a4 Ba6 14. Nb5 Rc8 15. Bd2 {0-1 (52) Kobalia,M (2608)-Grachev,B (2621) Moscow 2019}) 6. exd5 {B40: Sicilian: 2...e6, Unusual lines} Nxd5 7. O-O Be7 8. Rd1 {The position is equal.} Bf6 9. Nc3 Ncb4 (9... O-O $11 {keeps the balance.}) 10. Nxd5 $16 Nxd5 11. d4 cxd4 12. Nxd4 O-O $146 ({Predecessor:} 12... Qb6 13. Nxe6 Bxe6 14. Bxd5 {½-½ (29) Milosevic,M (2245)-Cvetkovic,S (2279) Belgrade 2017}) 13. c4 Qb6 14. Nb3 $1 Ne7 15. Bf4 (15. Be3 $142 Qc7 16. Bc5) 15... a5 (15... Nc6 $142) 16. Rac1 (16. Bd6 $16) 16... Re8 17. c5 Qa7 ({Better is} 17... Qa6 18. Qxa6 Rxa6) 18. Bc7 (18. Nd4 $142) 18... a4 (18... Qa6 $16 19. Qxa6 Rxa6) 19. Na5 $18 e5 (19... Rf8 $142 20. Nc4 Nd5) 20. b4 axb3 21. axb3 {[%cal Ba2b3,Bb3b4][%mdl 32]} Nf5 22. b4 e4 23. Bxe4 Nd4 24. Qd3 (24. Bxh7+ $6 Kxh7 25. Qxe8 Be6 $16) 24... Bg4 25. Re1 (25. Nxb7 $2 Ne2+ 26. Kg2 Nxc1 $19) (25. Bxb7 $6 Ne2+ 26. Kg2 Nxc1) (25. Bxh7+ Kh8 $14) 25... g6 26. f3 (26. Nxb7 $6 Rxe4 27. Rxe4 (27. Qxe4 Bf3 $11) 27... Nf3+ 28. Kh1 Ng5 $16) 26... Bd7 27. Kg2 (27. Nxb7 $2 Rxe4 $1 {[%mdl 512]} 28. Rxe4 (28. Qxe4 $2 Bc6 $19 {[%mdl 64] Double Attack}) 28... Bb5 $19) (27. Bxb7 $6 Bb5 $11) 27... Bb5 28. Qd2 Nc6 29. Bb6 ({White should play} 29. h4) 29... Qb8 30. Rcd1 Ba4 (30... Qc8 $16) 31. Rb1 $1 Bb5 32. Bd5 {Strongly threatening Rxe8+.} Re5 (32... Rxe1 $16 33. Rxe1 Nxa5 34. bxa5 (34. Bxa5 Qc8 $16) 34... Qc8) 33. Rxe5 (33. Nc4 $1 $18 {[%cal Rc4d6] Nd6 is the strong threat.} Rxd5 34. Qxd5) 33... Qxe5 $16 34. Nxb7 (34. Be4 $14) 34... Ra1 $36 {[%mdl 2048] Black fights for an advantage.} 35. Bxf7+ $2 (35. f4 $11 {and White has nothing to worry.} Qxd5+ 36. Qxd5 Rxb1 37. Nd8 (37. Nd6 Rb2+ 38. Kh1 Rb1+ 39. Kg2 Rb2+ 40. Kh1 Rb1+ 41. Kg2 $11) 37... Rb2+ 38. Kh1 Rb1+ 39. Kg2 Rb2+ 40. Kh1 Rb1+ 41. Kg2) 35... Kg7 $19 36. Ba2 Rxb1 $4 {[%mdl 8192]} (36... Nxb4 $19 {avoids the disaster.} 37. Bc7 (37. Rxb4 $2 Re1 $19) 37... Qc3 {[%mdl 64] Overworked Piece} 38. Qxc3 Rxa2+ 39. Rb2 Bxc3 40. Rxa2 Nxa2) 37. Bxb1 $18 {Threatens to win with Nd6.} Qa1 (37... Bg5 $142 38. f4 {[%mdl 64] Double Attack} Qa1 39. fxg5 Qxb1 40. Qd7+ Kf8 41. Qd6+ Ne7 42. Qd8+ Be8) 38. Qd7+ $2 (38. Nd6 $18 Qxb1 39. Nxb5 Qxb4 40. Qxb4 Nxb4 41. f4) 38... Kh6 (38... Be7 $11 39. Qd1 Nd4) 39. Qh3+ (39. Qd1 $1 $14 Nd4 40. c6 Qb2+ {[%mdl 64] Double Attack} 41. Kh3) 39... Kg7 $11 {( -> ...Qb2+)} 40. Qd7+ Kh6 (40... Be7 $11 41. Qd1 Nd4) 41. Qd2+ $2 (41. Qd1 $1 $16 Nd4 42. c6 Qb2+ {[%mdl 64] Double Attack} 43. Kh3) 41... Kg7 $1 $18 42. Qa2 (42. Nd6 $142 Qxb1 43. Nxb5 Qxb4 44. Qxb4 Nxb4 45. f4) 42... Qc3 (42... Qxa2+ {was worth a try.} 43. Bxa2 Nxb4) 43. Nd6 {White threatens Qf7+ and mate.} Bf1+ 44. Kxf1 {White wants to mate with Qf7+.} Qxf3+ 45. Qf2 Qh1+ 46. Ke2 Nd4+ 47. Kd2 Nb3+ 48. Kc2 $1 Nd4+ {[#]} 49. Kb2 $1 Nb5+ {[#]} (49... Ne2+ $142 50. Ka3 Qc1+ 51. Ka4 Nc3+ 52. Kb3 Qxb1+ 53. Kc4 Ne4) 50. Qxf6+ $1 Kxf6 51. Nxb5 Qxh2+ 52. Bc2 Qxg3 53. c6 {aiming for c7.} Qg4 54. Bc5 h5 55. c7 Qd7 56. Nd6 {Accuracy: White = 41%, Black = 34%.} 1-0